000 00588nam a2200241Ia 4500
003 OSt
005 20221006144825.0
006 a|||||r|||| 00| 0
007 ta
008 221006b |||||||| |||| 00| 0 eng d
020 _c33.20
024 _a12,846
037 _cTextual
040 _aEASL
_cEASL
_beng
041 _2eng
_aeng
082 _aV41:194653.N7, L1
100 _aADIE W A C
245 0 _aChina, Israel and the Arabs
260 _c1971
300 _a18p.
_ccm.
942 _hV41:194653.N7, L1
_cTEXL
_2CC
999 _c1080932
_d1080932